AFL Western Bulldogs Player Numbers - Statistics

General Stats
  • This quiz has been taken 18 times
  • The average score is 22 of 42
Answer Stats
Hint Answer % Correct
Marcus Bontempelli 4
93%
Tom Liberatore 21
86%
Bailey Dale 31
86%
Sam Darcy 10
79%
Rory Lobb 7
79%
Adam Treloar 1
71%
Ed Richards 20
64%
Laitham Vandermeer 23
64%
Joel Freijah 27
64%
Aaron Naughton 33
64%
Tim English 44
64%
Matthew Kennedy 8
64%
Ryley Sanders 9
64%
Rhylee West 14
57%
James O'Donnell 18
57%
James Harmes 22
57%
Cody Weightman 3
57%
Oskar Baker 13
50%
Jordan Croft 16
50%
Connor Budarick 19
50%
Buku Khamis 24
50%
Jedd Busslinger 5
50%
Cooper Hynes 6
50%
Lachie Jaques 11
43%
Harvey Gallagher 12
43%
Lachlan Carmichael 2
43%
Lachlan Bramble 29
43%
Bailey Williams 34
43%
Lachlan Smith 40
43%
Sam Davidson 42
43%
Will Darcy 15
36%
Nick Coffield 17
36%
Louis Emmett 25
36%
Josh Dolan 26
36%
Lachlan McNeil 30
36%
Arthur Jones 32
36%
Luke Kennedy 35
36%
Luke Cleary 36
36%
Michael Sellwood 37
36%
Ryan Gardner 43
36%
Riley Garcia 38
29%
Zac Walker 41
29%
No matching quizzes found
Score Distribution
Percent of People with Each Score
Percentile by Number Answered
Your Score History
You have not taken this quiz